[Event "Parana-chT"]
[Site "Sao Jose dos Pinhais"]
[Date "2014.10.16"]
[Round "4.4"]
[White "Pereira, Ezequias Alves"]
[Black "Ambrozio, Bruno"]
[Result "1-0"]
[WhiteElo "1618"]
[BlackElo "1814"]
[PlyCount "137"]
[EventDate "2014.10.13"]
[EventType "team-swiss"]
[EventRounds "6"]
[EventCountry "BRA"]
[SourceTitle "EXT 2015"]
[Source "ChessBase"]
[SourceDate "2014.11.20"]
[SourceVersion "1"]
[SourceVersionDate "2014.11.20"]
[SourceQuality "1"]
[WhiteTeam "Maringa"]
[BlackTeam "Campo Mourao"]
[WhiteTeamCountry "BRA"]
[BlackTeamCountry "BRA"]

1. e4 e5 2. Nf3 Nc6 3. Bc4 Nf6 4. Ng5 Bc5 5. 0-0 0-0 6. d3 h6 7. Nf3 d6 8. a4 Bg4 9. c3 Re8 10. b4 d5 11. exd5 Nxb4 12. cxb4 Bxb4 13. Qb3 Bxf3 14. Qxb4 Bxd5 15. Bxd5 Qxd5 16. Qc4 Qd6 17. Nc3 Qd7 18. h3 Re6 19. Ne4 Qd4 20. Qxd4 exd4 21. Nxf6+ Rxf6 22. Bb2 Rd6 23. Rfc1 c6 24. Rc4 Rad8 25. a5 b6 26. axb6 axb6 27. Rca4 Kh7 28. Ra8 R8d7 29. R1a7 Rxa7 30. Rxa7 Kg6 31. Kf1 Re6 32. Rd7 c5 33. g3 Kf6 34. Bc1 Re7 35. Rxe7 Kxe7 36. Bf4 Ke6 37. Ke1 Kd5 38. Kd2 f5 39. Bc7 Kc6 40. Be5 g6 41. g4 h5 42. gxf5 gxf5 43. Kc2 Kd5 44. f4 b5 45. Kb3 c4+ 46. Kc2 Kc5 47. Kd2 Kd5 48. Bf6 b4 49. Be7 b3 50. Ba3 b2 51. dxc4+ Kxc4 52. Bxb2 d3 53. Ke3 d2 54. Kxd2 Kd5 55. Ke3 Kc4 56. Kf3 Kd3 57. Kg3 Ke3 58. Be5 Ke4 59. Kh4 Kd5 60. Kxh5 Ke6 61. Kg6 Ke7 62. h4 Kf8 63. h5 Kg8 64. h6 Kf8 65. h7 Ke7 66. h8Q Kd7 67. Qf6 Ke8 68. Qg7 Kd8 69. Qf7 1-0

[Event "Parana-chT"]
[Site "Sao Jose dos Pinhais"]
[Date "2014.10.15"]
[Round "3.4"]
[White "Kihara, Eric Juliani"]
[Black "Pereira, Ezequias Alves"]
[Result "0-1"]
[WhiteElo "1428"]
[BlackElo "1618"]
[PlyCount "97"]
[EventDate "2014.10.13"]
[EventType "team-swiss"]
[EventRounds "6"]
[EventCountry "BRA"]
[SourceTitle "EXT 2015"]
[Source "ChessBase"]
[SourceDate "2014.11.20"]
[SourceVersion "1"]
[SourceVersionDate "2014.11.20"]
[SourceQuality "1"]
[WhiteTeam "Paranavai"]
[BlackTeam "Maringa"]
[WhiteTeamCountry "BRA"]
[BlackTeamCountry "BRA"]

1. c4 c5 2. Nc3 e5 3. g3 Nf6 4. Bg2 Nc6 5. d3 Be7 6. Nf3 0-0 7. 0-0 d6 8. a3 Bg4 9. Rb1 Qd7 10. b4 Bxf3 11. Bxf3 Qh3 12. Bg2 Qd7 13. b5 Nd4 14. e3 Ne6 15. a4 Rab8 16. Bd2 b6 17. Nd5 Nc7 18. Nxc7 Qxc7 19. a5 Qd8 20. Ra1 d5 21. axb6 axb6 22. Bc3 d4 23. exd4 cxd4 24. Bd2 Bc5 25. Re1 Qd6 26. f4 Qd7 27. Rxe5 Qg4 28. Bf3 Qh3 29. Qf1 Qxf1+ 30. Kxf1 Rfe8 31. Rae1 Kf8 32. Bc6 Rxe5 33. Rxe5 Ng4 34. Re2 f5 35. h3 Ne3+ 36. Bxe3 dxe3 37. Re1 Bd4 38. Ke2 Rc8 39. Rb1 Rc7 40. Rb3 Ra7 41. Rb1 Ra2+ 42. Kf1 Rf2+ 43. Kg1 e2 44. Bg2 Rf1+ 45. Kh2 Rxb1 46. c5 e1Q 47. g4 Bf2 48. Bf1 Bg3+ 49. Kg2 0-1